[Event "FIDE World Rapid 2013"]
[Site "Khanty-Mansiysk RUS"]
[Date "2013.06.08"]
[Round "13.4"]
[White "Vallejo Pons, Francisco"]
[Black "Nguyen, Ngoc Truong Son"]
[Result "1/2-1/2"]
[WhiteTitle "GM"]
[BlackTitle "GM"]
[WhiteElo "2706"]
[BlackElo "2625"]
[WhiteFideId "2205530"]
[BlackFideId "12401110"]
[EventDate "2013.06.06"]

1. e4 e6 2. d4 d5 3. Nd2 dxe4 4. Nxe4 Bd7 5. Nf3 Bc6 6. Bd3 Nd7 7. O-O Ngf6 8.
Qe2 Nxe4 9. Bxe4 Bxe4 10. Qxe4 c6 11. c4 Be7 12. Rd1 O-O 13. Bf4 Qb6 14. Qc2
Rfd8 15. Rd3 a5 16. a4 Nf8 17. Rad1 Qa6 18. Bc7 Rd7 19. Bg3 Bd6 20. Bxd6 Rxd6
21. Ng5 Qa7 22. d5 exd5 23. cxd5 Re8 24. h4 h6 25. Nf3 Qb6 26. Qb3 Qxb3 27. Rxb3
Re7 28. Rbd3 Re4 29. dxc6 Rxd3 30. Rxd3 bxc6 31. Rd4 Re2 32. Rd2 Re4 33. Rd4 Re2
34. Rd2 Re4 35. Rd4 Re2 36. Rd8 g6 37. Nd4 Rxb2 38. Nxc6 Rb6 39. Ne5 Kg7 40. Ra8
Rb1+ 41. Kh2 Rb4 42. g3 f6 43. Ra7+ Kg8 44. Nf7 h5 45. Nh6+ Kh8 46. Nf7+ Kg8 47.
Nh6+ Kh8 48. Nf7+ Kg8 49. Nh6+ Kh8 50. Nf7+ 1/2-1/2

[Event "FIDE World Rapid 2013"]
[Site "Khanty-Mansiysk RUS"]
[Date "2013.06.08"]
[Round "13.5"]
[White "Inarkiev, Ernesto"]
[Black "Akopian, Vladimir"]
[Result "1-0"]
[WhiteTitle "GM"]
[BlackTitle "GM"]
[WhiteElo "2680"]
[BlackElo "2691"]
[WhiteFideId "4162722"]
[BlackFideId "13300032"]
[EventDate "2013.06.06"]

1. e4 c5 2. Nf3 e6 3. d4 cxd4 4. Nxd4 a6 5. Nc3 Qc7 6. Bd3 Nf6 7. f4 d6 8. Qf3
Be7 9. g4 Nc6 10. Nxc6 bxc6 11. g5 Nd7 12. b3 d5 13. Bb2 d4 14. Nb1 e5 15. Bc1
exf4 16. Bxf4 Qa5+ 17. Nd2 Bxg5 18. O-O Bxf4 19. Qxf4 O-O 20. Nf3 Qh5 21. Kh1 c5
22. Rg1 Bb7 23. Rg5 Qh6 24. Rxg7+ Kxg7 25. Rg1+ Qg6 26. Nh4 Rae8 27. Qc7 Bc8 28.
Nf5+ Kg8 29. Nd6 Nf6 30. Rxg6+ hxg6 31. Nxe8 Rxe8 32. Qxc5 Bb7 33. Qb6 Bxe4+ 34.
Bxe4 Nxe4 35. Qxd4 Ng5 36. Kg2 Re2+ 37. Kf1 Re1+ 38. Kf2 Re8 39. c4 Ne4+ 40. Kg2
Ng5 41. Qg4 Ne6 42. Qe4 g5 43. Qc6 Nf4+ 44. Kf3 Re6 45. Qc5 f6 46. h4 Ng6 47.
Qd5 Nxh4+ 48. Kf2 Kf7 49. c5 Ng6 50. b4 Ne5 51. a4 f5 52. b5 axb5 53. axb5 Kf6
54. Qd4 Ke7 55. b6 Ng4+ 56. Kf3 Ne5+ 57. Kg2 Nd7 58. Qg7+ Kd8 59. Qg8+ Ke7 60.
Qxg5+ Ke8 61. Qxf5 Ke7 62. Qg5+ Ke8 63. b7 Rc6 64. Qd5 Rg6+ 65. Kf2 Rf6+ 66. Ke2 1-0

[Event "FIDE World Rapid 2013"]
[Site "Khanty-Mansiysk RUS"]
[Date "2013.06.08"]
[Round "13.6"]
[White "Cheparinov, Ivan"]
[Black "Potkin, Vladimir"]
[Result "1-0"]
[WhiteTitle "GM"]
[BlackTitle "GM"]
[WhiteElo "2678"]
[BlackElo "2647"]
[WhiteFideId "2905540"]
[BlackFideId "4131061"]
[EventDate "2013.06.06"]

1. d4 d5 2. c4 c6 3. Nf3 Nf6 4. e3 Bg4 5. Nc3 e6 6. h3 Bh5 7. g4 Bg6 8. Ne5 Nbd7
9. Nxg6 hxg6 10. a3 Bd6 11. Qf3 g5 12. Bd2 Qe7 13. O-O-O O-O-O 14. Kb1 Kb8 15.
Qg2 Bc7 16. cxd5 exd5 17. Bd3 Nb6 18. Bc1 Nc8 19. f4 gxf4 20. exf4 Nd6 21. Rhe1
Qd7 22. f5 Rde8 23. Bf4 Nc4 24. Bxc7+ Qxc7 25. g5 Nh5 26. Rxe8+ Rxe8 27. Bxc4
dxc4 28. Qf1 Nf4 29. Re1 Rd8 30. Qxc4 Nxh3 31. f6 gxf6 32. gxf6 Ng5 33. Re7 Rd7
34. Re8+ Rd8 35. Re7 Rd7 36. Qe2 Ne6 37. d5 cxd5 38. Nxd5 Rxd5 39. Rxc7 Kxc7 40.
Qc2+ Rc5 41. Qa4 Kb6 42. b4 Rf5 43. Qd7 Rxf6 44. Qd6+ Kb5 45. Qe5+ 1-0

[Event "FIDE World Rapid 2013"]
[Site "Khanty-Mansiysk RUS"]
[Date "2013.06.08"]
[Round "13.8"]
[White "Vitiugov, Nikita"]
[Black "Andreikin, Dmitry"]
[Result "1/2-1/2"]
[WhiteTitle "GM"]
[BlackTitle "GM"]
[WhiteElo "2734"]
[BlackElo "2713"]
[WhiteFideId "4152956"]
[BlackFideId "4158814"]
[EventDate "2013.06.06"]

1. d4 Nf6 2. c4 e6 3. Nc3 d5 4. cxd5 exd5 5. Bg5 c6 6. e3 Bf5 7. Qf3 Bg6 8. Bxf6
Qxf6 9. Qxf6 gxf6 10. Nf3 Nd7 11. g3 Nb6 12. Nh4 Be7 13. O-O-O Nc8 14. Bd3 Nd6
15. Ng2 Bxd3 16. Rxd3 f5 17. Rdd1 Ne4 18. Rhf1 Kd7 19. Kc2 h5 20. h4 Bd6 21. Kd3
a5 22. Ne2 Rhg8 23. Ngf4 Nf6 24. Nh3 Ke7 25. Nef4 Rh8 26. Ke2 Ne4 27. Kd3 Ra6
28. Kc2 Raa8 29. Rd3 a4 30. a3 Bxf4 31. Nxf4 Nd6 32. Ne2 Kf6 33. Rdd1 Nc4 1/2-1/2

[Event "FIDE World Rapid 2013"]
[Site "Khanty-Mansiysk RUS"]
[Date "2013.06.08"]
[Round "13.10"]
[White "Mamedov, Rauf"]
[Black "Kurnosov, Igor"]
[Result "1-0"]
[WhiteTitle "GM"]
[BlackTitle "GM"]
[WhiteElo "2637"]
[BlackElo "2657"]
[WhiteFideId "13401653"]
[BlackFideId "4142527"]
[EventDate "2013.06.06"]

1. g3 c5 2. Bg2 Nc6 3. d3 g6 4. e4 Bg7 5. Ne2 Nf6 6. O-O O-O 7. c4 Ne8 8. Nbc3
Nc7 9. Rb1 d6 10. a3 a5 11. Kh1 Rb8 12. a4 Ne6 13. f4 Ned4 14. Nxd4 Nxd4 15. Be3
f5 16. Nb5 Bd7 17. Nxd4 cxd4 18. Bd2 Bc6 19. exf5 gxf5 20. b4 axb4 21. Rxb4 Qd7
22. a5 e5 23. Qb3 Rbe8 24. Rxb7 Bxb7 25. Qxb7 Qa4 26. a6 e4 27. dxe4 Qc2 28. Bb4
fxe4 29. Bxd6 e3 30. Bxf8 Rxf8 31. a7 Qa2 32. Qd5+ Kh8 33. a8=Q Qxa8 34. Qxa8
Rxa8 35. Bxa8 e2 36. Rb1 d3 37. Bf3 Bc3 38. c5 e1=Q+ 39. Rxe1 Bxe1 40. c6 Ba5
41. Kg2 Kg7 42. Kf1 h6 43. Be4 d2 44. Ke2 Kf6 45. h4 Ke7 46. Bf3 Kd8 47. Kd3 Kc7
48. g4 Bb4 49. g5 hxg5 50. hxg5 Bd6 51. g6 Bf8 52. Kxd2 Bh6 53. Kd3 Kd6 54. Kc4
Bg7 55. Kb5 Bd4 56. g7 Bxg7 57. Kb6 1-0

[Event "FIDE World Rapid 2013"]
[Site "Khanty-Mansiysk RUS"]
[Date "2013.06.08"]
[Round "13.11"]
[White "Najer, Evgeniy"]
[Black "Zvjaginsev, Vadim"]
[Result "1-0"]
[WhiteTitle "GM"]
[BlackTitle "GM"]
[WhiteElo "2633"]
[BlackElo "2659"]
[WhiteFideId "4118987"]
[BlackFideId "4113403"]
[EventDate "2013.06.06"]

1. e4 e6 2. d4 d5 3. Nc3 Nf6 4. e5 Nfd7 5. f4 c5 6. Nf3 Nc6 7. Be3 cxd4 8. Nxd4
Bc5 9. Qd2 O-O 10. g3 a6 11. Bg2 Nxd4 12. Bxd4 b5 13. a3 Bxd4 14. Qxd4 Bb7 15.
Ne2 Rc8 16. c3 Nc5 17. Rd1 a5 18. O-O Ba6 19. b4 Na4 20. f5 Rc4 21. Qd2 Qb6+ 22.
Kh1 exf5 23. bxa5 Qxa5 24. Bxd5 Qc7 25. Rxf5 Bb7 26. e6 fxe6 27. Rxf8+ Kxf8 28.
Bxb7 Qxb7+ 29. Kg1 Qb6+ 30. Kg2 Kg8 31. Kh3 h6 32. Qd7 Qe3 33. Nd4 Nc5 34. Qe8+
Kh7 35. Rf1 Ne4 36. Nxe6 Ng5+ 37. Nxg5+ Qxg5 38. Rf8 Qg4+ 39. Kg2 Qe4+ 40. Qxe4+
Rxe4 41. Rf5 Rc4 42. Rxb5 Rxc3 43. a4 Rc2+ 44. Kh3 Ra2 45. a5 Ra3 46. Kg4 Ra2
47. h4 Ra3 48. h5 Kg8 49. Kf4 Kf7 50. g4 Kf6 51. Rb6+ Kf7 52. a6 Ra4+ 53. Ke5
Ra5+ 54. Kd6 Ra4 55. Kc7 Rxg4 56. a7 1-0

[Event "FIDE World Rapid 2013"]
[Site "Khanty-Mansiysk RUS"]
[Date "2013.06.08"]
[Round "13.12"]
[White "Bologan, Viktor"]
[Black "Salem, A.R. Saleh"]
[Result "1-0"]
[WhiteTitle "GM"]
[BlackTitle "GM"]
[WhiteElo "2672"]
[BlackElo "2531"]
[WhiteFideId "13900048"]
[BlackFideId "9301348"]
[EventDate "2013.06.06"]

1. e4 c5 2. Nf3 d6 3. d4 cxd4 4. Nxd4 Nf6 5. Nc3 Nc6 6. Bg5 e6 7. Qd2 a6 8.
O-O-O h6 9. Be3 Bd7 10. f3 Qc7 11. Kb1 Na5 12. g4 b5 13. a3 Rb8 14. h4 g6 15.
Rg1 Nc4 16. Bxc4 Qxc4 17. Nb3 Qc7 18. Bf4 Rb6 19. Rge1 g5 20. hxg5 hxg5 21. Bxg5
Bg7 22. Bf4 Rh3 23. e5 Rxf3 24. exf6 Bxf6 25. Nd5 1-0

[Event "FIDE World Rapid 2013"]
[Site "Khanty-Mansiysk RUS"]
[Date "2013.06.08"]
[Round "13.13"]
[White "Rakhmanov, Aleksandr"]
[Black "Ponomariov, Ruslan"]
[Result "0-1"]
[WhiteTitle "GM"]
[BlackTitle "GM"]
[WhiteElo "2602"]
[BlackElo "2743"]
[WhiteFideId "4173708"]
[BlackFideId "14103320"]
[EventDate "2013.06.06"]

1. c4 g6 2. g3 Bg7 3. Bg2 c5 4. Nf3 Nc6 5. O-O d6 6. Nc3 Qd7 7. e3 Bxc3 8. bxc3
b6 9. e4 Bb7 10. Re1 e5 11. d3 O-O-O 12. Nd2 f5 13. Nf1 Rf8 14. exf5 gxf5 15.
Ne3 h5 16. Nd5 h4 17. Rb1 hxg3 18. hxg3 Nce7 19. a4 Nxd5 20. cxd5 Nf6 21. c4 f4
22. gxf4 Rfg8 23. Re3 exf4 24. Re6 Rxg2+ 25. Kxg2 Qg7+ 0-1

[Event "FIDE World Rapid 2013"]
[Site "Khanty-Mansiysk RUS"]
[Date "2013.06.08"]
[Round "13.14"]
[White "Safarli, Eltaj"]
[Black "Moiseenko, Alexander"]
[Result "1/2-1/2"]
[WhiteTitle "GM"]
[BlackTitle "GM"]
[WhiteElo "2660"]
[BlackElo "2711"]
[WhiteFideId "13402129"]
[BlackFideId "14102560"]
[EventDate "2013.06.06"]

1. e4 c5 2. Nf3 Nc6 3. Bb5 e6 4. O-O Nge7 5. Re1 Ng6 6. c3 d5 7. exd5 Qxd5 8. d4
cxd4 9. c4 Qd6 10. Nxd4 Bd7 11. Be3 Nxd4 12. Bxd7+ Qxd7 13. Qxd4 Qxd4 14. Bxd4
Ne7 15. Nc3 Nc6 16. Be3 O-O-O 17. a3 Be7 18. Rad1 Rxd1 19. Rxd1 Rd8 20. Rxd8+
Kxd8 21. Ne4 f5 22. Nd2 a5 23. Kf1 Bf6 24. b3 Bb2 25. Bc5 Kd7 26. Ke2 e5 27. f3
Ke6 28. Kd3 h5 29. Kc2 Bd4 30. Bxd4 Nxd4+ 31. Kd3 g5 32. b4 axb4 33. axb4 g4 34.
f4 h4 35. fxe5 Kxe5 36. c5 Ne6 37. Nc4+ Kd5 38. Ne3+ Ke5 39. Nc4+ Kd5 40. Ne3+
Ke5 1/2-1/2

[Event "FIDE World Rapid 2013"]
[Site "Khanty-Mansiysk RUS"]
[Date "2013.06.08"]
[Round "13.15"]
[White "Artemiev, Vladislav"]
[Black "Jakovenko, Dmitry"]
[Result "0-1"]
[WhiteTitle "IM"]
[BlackTitle "GM"]
[WhiteElo "2524"]
[BlackElo "2713"]
[WhiteFideId "24101605"]
[BlackFideId "4122356"]
[EventDate "2013.06.06"]

1. Nf3 c5 2. e4 e6 3. d4 cxd4 4. Nxd4 a6 5. Bd3 Bc5 6. Nb3 Be7 7. Qg4 Nf6 8. Qg3
d6 9. c4 O-O 10. O-O Nbd7 11. Nc3 Qc7 12. Be2 b6 13. Bh6 Ne8 14. Rac1 Bb7 15.
Rfd1 Rc8 16. Be3 Qb8 17. f3 Nef6 18. Nd2 Rfe8 19. Kh1 Bc6 20. a3 Bf8 21. b4 b5
22. cxb5 axb5 23. Nb3 Ne5 24. Nd4 Nc4 25. Bxc4 bxc4 26. Nxc6 Rxc6 27. Bd4 Nd7
28. b5 Rcc8 29. a4 Qa8 30. f4 Nc5 31. Bxc5 Rxc5 32. Qf2 Qa5 33. h3 Rcc8 34. f5
Be7 35. e5 d5 36. f6 Bf8 37. Qf4 Qc7 38. Ne2 gxf6 39. Qg4+ Kh8 40. exf6 Bh6 41.
Rc2 Rg8 42. Qf3 Ra8 43. Ra2 Bf8 44. g4 Bb4 45. Nd4 Bd6 46. Nc6 Qb6 47. Ne7 Rge8
48. g5 Qc5 49. Nc6 Rg8 50. h4 c3 51. Qd3 e5 52. Ne7 Bxe7 53. fxe7 d4 54. Qf3
Qxe7 55. a5 e4 56. Qf2 d3 57. Qd4+ Rg7 58. Qxc3 Qd7 59. b6 Qh3+ 60. Kg1 Qg4+ 61.
Kf2 Qxd1 62. b7 Rg8 63. Rb2 Qf3+ 64. Ke1 Qg3+ 65. Kd1 Qg4+ 66. Kc1 Qg1+ 67. Kd2
Qf2+ 68. Kc1 Qf1+ 69. Kd2 e3+ 70. Kxe3 Re8+ 71. Kd4 Qf4+ 72. Kd5 Qe4+ 73. Kc5
Qe7+ 74. Kc6 Kg8 75. Qxd3 Qe5 76. Qd6 Qxb2 77. Kd7 Rf8 78. a6 f5+ 79. Kc6 Rg6
80. Qxg6+ hxg6 81. a7 Qc3+ 82. Kb6 Qb4+ 83. Kc6 Qa4+ 84. Kb6 Qd4+ 85. Ka6 Qd6+
86. Kb5 Qd8 0-1

[Event "FIDE World Rapid 2013"]
[Site "Khanty-Mansiysk RUS"]
[Date "2013.06.08"]
[Round "13.16"]
[White "Dubov, Daniil"]
[Black "Grachev, Boris"]
[Result "1/2-1/2"]
[WhiteTitle "GM"]
[BlackTitle "GM"]
[WhiteElo "2638"]
[BlackElo "2683"]
[WhiteFideId "24126055"]
[BlackFideId "4129199"]
[EventDate "2013.06.06"]

1. d4 d5 2. c4 e6 3. Nc3 Nf6 4. cxd5 exd5 5. Bg5 c6 6. e3 Bf5 7. Bd3 Bxd3 8.
Qxd3 Nbd7 9. Nge2 Be7 10. O-O O-O 11. Ng3 Re8 12. Rad1 Ne4 13. Bxe7 Qxe7 14.
Nge2 Nd6 15. Rde1 a5 16. Ng3 Ne4 17. Ncxe4 dxe4 18. Qc2 Nf6 19. f3 Qe6 20. a3
Rad8 21. fxe4 Nxe4 22. Nxe4 Qxe4 23. Qc3 Qd5 24. Rf4 g6 25. Ref1 Re7 26. R1f3
Rd6 27. Rf6 Rxf6 28. Rxf6 Kg7 29. Rf3 Re6 30. h3 h5 31. a4 h4 32. b4 b6 33. bxa5
bxa5 34. Rf4 f5 35. Rxh4 g5 36. Rh5 Kg6 37. Rh8 Qe4 38. Rg8+ Kh5 39. Rh8+ Kg6
40. Rg8+ Kh5 41. Rh8+ 1/2-1/2

[Event "FIDE World Rapid 2013"]
[Site "Khanty-Mansiysk RUS"]
[Date "2013.06.08"]
[Round "13.17"]
[White "Khismatullin, Denis"]
[Black "Gundavaa, Bayarsaikhan"]
[Result "1-0"]
[WhiteTitle "GM"]
[BlackTitle "GM"]
[WhiteElo "2658"]
[BlackElo "2516"]
[WhiteFideId "4142578"]
[BlackFideId "4901045"]
[EventDate "2013.06.06"]

1. d4 Nf6 2. c4 e6 3. Nc3 Bb4 4. e3 O-O 5. Bd3 d5 6. a3 Bxc3+ 7. bxc3 dxc4 8.
Bxc4 c5 9. Ne2 Qc7 10. Ba2 b6 11. O-O Ba6 12. Re1 Nc6 13. Ng3 Rfd8 14. Bb2 Na5
15. e4 cxd4 16. cxd4 Nc4 17. Bxc4 Qxc4 18. d5 Ne8 19. Nh5 exd5 20. exd5 Rxd5 21.
Qf3 Rad8 22. Re7 R5d7 23. Rxd7 Rxd7 24. h3 Qe2 25. Qa8 Bb7 26. Qb8 Rd1+ 27. Rxd1
Qxd1+ 28. Kh2 Qd6+ 29. Qxd6 Nxd6 30. Bxg7 Nc4 31. Bh6 f5 32. Bc1 Kf7 33. g4 fxg4
34. hxg4 b5 35. Kg3 a5 36. Nf4 b4 37. axb4 axb4 38. Nd3 b3 39. Nc5 Nd6 40. Kf4
Bc6 41. Nxb3 Nc4 42. Nd4 Bd5 43. Kg5 Ne5 44. Nf5 Be6 45. Nh6+ Ke7 46. Ba3+ Kd7
47. Kh4 Nd3 48. Kg3 Ke8 49. f4 Bd5 50. f5 Ne5 51. Kf4 Nd3+ 52. Ke3 Ne1 53. Kd4
Bb3 54. Ke5 Nd3+ 55. Kf6 Nf2 56. Kg7 Bc2 57. f6 Bg6 58. g5 Ne4 59. f7+ Bxf7 60.
Nxf7 1-0

[Event "FIDE World Rapid 2013"]
[Site "Khanty-Mansiysk RUS"]
[Date "2013.06.08"]
[Round "13.18"]
[White "Vasquez Schroeder, Rodrigo"]
[Black "Frolyanov, Dmitry"]
[Result "1/2-1/2"]
[WhiteTitle "GM"]
[BlackTitle "GM"]
[WhiteElo "2542"]
[BlackElo "2570"]
[WhiteFideId "3400042"]
[BlackFideId "4151976"]
[EventDate "2013.06.06"]

1. d4 d5 2. c4 e6 3. Nf3 Nf6 4. Nc3 dxc4 5. e3 a6 6. a4 c5 7. Bxc4 Nc6 8. O-O
Be7 9. Qe2 cxd4 10. Rd1 e5 11. exd4 exd4 12. h3 O-O 13. Qc2 Qb6 14. Ne2 Bc5 15.
Nf4 Nb4 16. Qb3 Bf5 17. a5 Qd6 18. Nd3 Nxd3 19. Bxd3 Be6 20. Bc4 Bxc4 21. Qxc4
Rfe8 22. Bf4 Qd5 23. Qxd5 Nxd5 24. Be5 Nb4 25. Bxd4 1/2-1/2

[Event "FIDE World Rapid 2013"]
[Site "Khanty-Mansiysk RUS"]
[Date "2013.06.08"]
[Round "13.19"]
[White "Sargissian, Gabriel"]
[Black "Smirin, Ilia"]
[Result "1-0"]
[WhiteTitle "GM"]
[BlackTitle "GM"]
[WhiteElo "2671"]
[BlackElo "2663"]
[WhiteFideId "13300881"]
[BlackFideId "2801990"]
[EventDate "2013.06.06"]

1. d4 Nf6 2. c4 g6 3. g3 Bg7 4. Bg2 O-O 5. Nc3 d6 6. Nf3 Nc6 7. O-O Bf5 8. Ne1
Na5 9. b3 c5 10. Nf3 Ne4 11. Bb2 Nc6 12. Nd5 Bg4 13. Qc2 Bxf3 14. exf3 Nf6 15.
dxc5 dxc5 16. Rad1 Nd7 17. Rfe1 Bxb2 18. Qxb2 e6 19. Nc3 Nd4 20. f4 Qc7 21. b4
Rad8 22. h4 h5 23. bxc5 Nxc5 24. Nd5 exd5 25. Qxd4 dxc4 26. Qxc4 Rxd1 27. Rxd1
Qe7 28. f5 Kh7 29. f6 Qe5 30. Rd5 Qe1+ 31. Kh2 b6 32. Qc2 Kh8 33. g4 hxg4 34. h5
g5 35. Rxg5 Ne6 36. Qf5 Rg8 37. Rxg8+ Kxg8 38. Bd5 Kf8 39. Bxe6 fxe6 40. Qf4 Kf7
41. h6 Qc3 42. h7 Qh3+ 43. Kg1 Qxh7 44. Qc7+ Kg6 45. Qc2+ Kh6 46. Qd2+ Kh5 47.
Qf4 Qf7 48. Qb8 Kg6 49. a4 Kxf6 50. Qf4+ Kg7 51. Qg5+ Kh7 52. Qh4+ Kg8 53. Qg5+
Qg7 54. Qd8+ Kf7 55. Qd7+ Kf6 56. Qd4+ e5 57. Qd6+ Kg5 58. Qe6 Qf6 59. Qg8+ Kf4
60. Qc4+ e4 61. Qc7+ Qe5 62. Qxa7 Kf3 63. Qf7+ Ke2 64. Qa2+ Kf3 65. Qf7+ Qf4 66.
Qb3+ e3 67. Qxb6 e2 1-0

[Event "FIDE World Rapid 2013"]
[Site "Khanty-Mansiysk RUS"]
[Date "2013.06.08"]
[Round "13.20"]
[White "Ponkratov, Pavel"]
[Black "Al-Sayed, Mohammed"]
[Result "1-0"]
[WhiteTitle "GM"]
[BlackTitle "GM"]
[WhiteElo "2605"]
[BlackElo "2498"]
[WhiteFideId "4157800"]
[BlackFideId "12100196"]
[EventDate "2013.06.06"]

1. e4 d6 2. d4 Nf6 3. f3 c5 4. c3 Nc6 5. d5 Nb8 6. c4 g6 7. Nc3 Bg7 8. Bd3 O-O
9. Nge2 e6 10. O-O exd5 11. exd5 Re8 12. h3 a6 13. a4 b6 14. Bg5 Nbd7 15. f4 Qe7
16. Rf3 Bb7 17. Qc2 Qf8 18. Raf1 Re7 19. f5 Re5 20. Bxf6 Nxf6 21. fxg6 hxg6 22.
Bxg6 fxg6 23. Qxg6 Kh8 24. Ng3 Bc8 25. Nce4 Qe8 26. Rxf6 Bxf6 27. Qh6+ 1-0

[Event "FIDE World Rapid 2013"]
[Site "Khanty-Mansiysk RUS"]
[Date "2013.06.08"]
[Round "13.21"]
[White "Gordievsky, Dmitry"]
[Black "Potapov, Pavel"]
[Result "1/2-1/2"]
[WhiteTitle "FM"]
[BlackTitle "IM"]
[WhiteElo "2474"]
[BlackElo "2460"]
[WhiteFideId "24112798"]
[BlackFideId "4169786"]
[EventDate "2013.06.06"]

1. d4 d5 2. c4 e5 3. dxe5 d4 4. Nf3 Nc6 5. Nbd2 Nge7 6. Nb3 Nf5 7. e4 dxe3 8.
Qxd8+ Nxd8 9. fxe3 Bb4+ 10. Kf2 O-O 11. e4 Nh6 12. h3 Nc6 13. Be3 Be7 14. Rd1 f6
15. exf6 Bxf6 16. Nbd4 Ne5 17. b3 c5 18. Nb5 b6 19. Nc7 Rb8 20. Nd5 Bb7 21. Ke2
Rbe8 22. Nd2 Nhf7 23. g4 Bg5 24. Bg2 Bxe3 25. Kxe3 Nd6 26. Nc3 Ng6 27. Rhf1 Rxf1
28. Rxf1 Ne5 29. Rd1 Re6 30. Nf3 Nef7 31. Nd2 Ne5 32. Nf1 g6 33. Ng3 Kg7 34.
Nge2 Nef7 35. Nf4 Re8 36. Nfd5 Re6 37. Nc7 Re7 38. N7b5 Nxb5 39. cxb5 Ng5 40.
Rd6 Ne6 41. Nd5 Bxd5 42. exd5 Nd4+ 43. Kd3 Nxb5 44. Rd8 Re1 45. a4 Nd4 46. d6
Rd1+ 47. Kc4 Kf6 48. Bd5 Rc1+ 49. Kd3 Rd1+ 50. Ke4 Ne6 51. Bxe6 Kxe6 52. Re8+
Kd7 53. Re7+ Kxd6 54. Rxh7 Rd4+ 55. Ke3 Rb4 56. Rxa7 Rxb3+ 57. Kf4 c4 58. h4 c3
59. Ke3 Rb4 60. Kd3 Rxg4 61. Kxc3 Rxh4 62. Ra6 Kc5 63. a5 Rh3+ 64. Kd2 bxa5 65.
Rxa5+ Kd4 66. Rg5 Rh6 67. Ke2 Ke4 68. Kf2 Kf4 69. Ra5 Rh2+ 70. Kg1 Re2 71. Ra4+
Re4 72. Ra3 g5 73. Rb3 Re2 74. Rb1 Kg3 75. Rb3+ Kh4 76. Rb4+ g4 77. Rb3 g3 78.
Rb8 Re1+ 1/2-1/2

[Event "FIDE World Rapid 2013"]
[Site "Khanty-Mansiysk RUS"]
[Date "2013.06.08"]
[Round "13.22"]
[White "Kabanov, Nikolai"]
[Black "Pasiev, Rakhim"]
[Result "1-0"]
[WhiteTitle "GM"]
[BlackTitle "IM"]
[WhiteElo "2472"]
[BlackElo "2384"]
[WhiteFideId "4127820"]
[BlackFideId "24122475"]
[EventDate "2013.06.06"]

1. e4 c5 2. Nf3 Nc6 3. Bb5 g6 4. O-O Bg7 5. Re1 Nf6 6. e5 Nd5 7. Nc3 Nxc3 8.
dxc3 O-O 9. a4 a6 10. Bc4 b6 11. Bf4 Bb7 12. Qd2 Na5 13. Bd5 Bxd5 14. Qxd5 Qc7
15. Rad1 Rad8 16. b4 Nb7 17. Qc4 d6 18. Qxa6 d5 19. Qb5 e6 20. Nd2 Ra8 21. Bg3
Rfc8 22. c4 cxb4 23. cxd5 Ra5 24. Qxb4 Rxd5 25. Rb1 Qxc2 26. Ne4 Rc4 27. Qxb6
Rxe4 28. Qxb7 Rxe1+ 29. Rxe1 Rd1 30. f4 Bf8 31. Qf3 Bc5+ 32. Kf1 Rd2 33. Re2 Qc4
34. a5 Rd1+ 35. Be1 Bb4 36. Kf2 Qd4+ 37. Qe3 Qxe3+ 38. Kxe3 Rxe1 39. Rxe1 Bxe1
40. a6 Ba5 41. Kd4 Bb6+ 42. Kc4 g5 43. fxg5 Kg7 44. h4 h6 45. gxh6+ Kxh6 46. g4
Kg7 47. Kb5 Bd4 48. Kc6 f6 49. Kd6 Kf7 50. exf6 Kxf6 51. h5 e5 52. Kd5 Kg5 53.
Ke4 Kh6 54. Kf5 Kg7 55. g5 Kh7 56. h6 Kg8 57. g6 Kf8 58. a7 Bxa7 59. Kf6 Kg8 60.
h7+ 1-0

[Event "FIDE World Rapid 2013"]
[Site "Khanty-Mansiysk RUS"]
[Date "2013.06.08"]
[Round "13.23"]
[White "Cherniaev, Alexander"]
[Black "Georgiev, Kiril"]
[Result "0-1"]
[WhiteTitle "GM"]
[BlackTitle "GM"]
[WhiteElo "2447"]
[BlackElo "2636"]
[WhiteFideId "4117301"]
[BlackFideId "2900017"]
[EventDate "2013.06.06"]

1. e4 e5 2. Nf3 Nc6 3. Bc4 Bc5 4. b4 Bxb4 5. c3 Ba5 6. d4 exd4 7. Qb3 Qf6 8. O-O
Nge7 9. e5 Qg6 10. cxd4 b5 11. Bxb5 Rb8 12. Qa4 a6 13. Bxc6 Nxc6 14. Ba3 Qd3 15.
Bc5 Bb4 16. Nbd2 Bxc5 17. dxc5 Rb4 18. Qd1 O-O 19. Re1 Re8 20. h3 a5 21. Re3 Qd5
22. Qc2 Nd4 23. Nxd4 Qxd4 24. Rd1 Rb2 25. Qc1 Rxa2 26. Ne4 Qb2 27. Qc4 Rxe5 28.
Rf3 Re6 29. Ng5 Qe2 30. Qc1 Re7 31. Nxf7 Rxf7 32. Re1 Rc2 33. Qa1 Qxf2+ 34. Rxf2
Rfxf2 0-1

[Event "FIDE World Rapid 2013"]
[Site "Khanty-Mansiysk RUS"]
[Date "2013.06.08"]
[Round "13.24"]
[White "Kobalia, Mikhail"]
[Black "Ghaem Maghami, Ehsan"]
[Result "1/2-1/2"]
[WhiteTitle "GM"]
[BlackTitle "GM"]
[WhiteElo "2651"]
[BlackElo "2554"]
[WhiteFideId "4119150"]
[BlackFideId "12500739"]
[EventDate "2013.06.06"]

1. e4 c5 2. Nf3 d6 3. c3 Nf6 4. Bd3 Nc6 5. Bc2 Bg4 6. h3 Bh5 7. d3 e6 8. Nbd2 d5
9. Qe2 Qc7 10. Nf1 dxe4 11. dxe4 Bd6 12. Ba4 Nd7 13. Ne3 a6 14. g4 Bg6 15. Nf5
O-O 16. Nxd6 Qxd6 17. h4 h5 18. Ng5 Nf6 19. Bxc6 Qxc6 20. gxh5 Nxh5 21. Rg1 Rad8
22. Be3 c4 23. f3 e5 24. Rd1 f6 25. Nh3 Bf7 26. Nf2 Qb5 27. Rxd8 Rxd8 28. Kf1
Qa4 29. a3 Qb5 30. Kg2 Rd7 31. Rd1 Be6 32. Rxd7 Qxd7 33. Qe1 b5 34. Qc1 Qd6 35.
Qe1 Qd7 36. Kh2 Qd8 37. Qc1 Qd7 38. Qe1 1/2-1/2

[Event "FIDE World Rapid 2013"]
[Site "Khanty-Mansiysk RUS"]
[Date "2013.06.08"]
[Round "13.26"]
[White "Ram, S. Krishnan"]
[Black "Rublevsky, Sergei"]
[Result "0-1"]
[BlackTitle "GM"]
[WhiteElo "2248"]
[BlackElo "2695"]
[WhiteFideId "5010519"]
[BlackFideId "4115309"]
[EventDate "2013.06.06"]

1. d4 d5 2. Nf3 Nf6 3. c4 c6 4. Qc2 dxc4 5. Qxc4 Bg4 6. Nc3 Nbd7 7. e3 Bxf3 8.
gxf3 e5 9. dxe5 Nxe5 10. Qe2 Bb4 11. Bd2 b5 12. f4 Nc4 13. Bg2 O-O 14. a3 Ba5
15. O-O-O Nd5 16. Nb1 Bb6 17. Bxd5 cxd5 18. Bc3 Rc8 19. Qg4 d4 20. exd4 Qd5 21.
Rhg1 g6 22. Qg5 Rfd8 23. Qh6 Nd6 24. Rg5 Nf5 25. Qh3 a5 26. Rdg1 Kh8 27. Kd1 0-1

[Event "FIDE World Rapid 2013"]
[Site "Khanty-Mansiysk RUS"]
[Date "2013.06.08"]
[Round "13.27"]
[White "Pridorozhni, Aleksei"]
[Black "Byambaa, Zulzaga"]
[Result "1-0"]
[WhiteTitle "GM"]
[BlackTitle "FM"]
[WhiteElo "2512"]
[BlackElo "2285"]
[WhiteFideId "4127870"]
[BlackFideId "4900642"]
[EventDate "2013.06.06"]

1. e4 d6 2. d4 g6 3. c4 Bg7 4. Nc3 e5 5. Nge2 Nf6 6. f3 O-O 7. Be3 a6 8. Qd2
Nbd7 9. d5 Ne8 10. Nc1 f5 11. Bd3 Nc5 12. Bc2 fxe4 13. Nxe4 Nxe4 14. fxe4 Qh4+
15. g3 Qh5 16. Bd1 Bg4 17. Nd3 Bxd1 18. Rxd1 Qf3 19. Nf2 Nf6 20. Qe2 Nxe4 21.
Qxf3 Rxf3 22. Ke2 Nxf2 23. Kxf3 Rf8+ 24. Ke2 Nxh1 25. Rxh1 h5 26. b4 Rf5 27. a4
e4 28. Rc1 Bb2 29. Rb1 Bf6 30. b5 axb5 31. Rxb5 b6 32. a5 bxa5 33. Rb8+ Kf7 34.
Rc8 Bc3 35. Rxc7+ Ke8 36. Rc8+ Kd7 37. Ra8 g5 38. Ra7+ Kc8 39. Bb6 Bb4 40. Ke3
Kb8 41. Kxe4 Re5+ 42. Kd3 Re1 43. Kc2 Re2+ 44. Kb3 Rxh2 45. Rg7 g4 46. Ka4 Rb2
47. Rh7 Bc3 48. Bc7+ Kb7 49. Bxd6+ Ka6 50. Bc5 Rb7 51. Rh6+ 1-0